Strange mysteries of the unexplained / (Record no. 5790)

MARC details
000 -LEADER
fixed length control field 00900nam a22002897a 4500
001 - CONTROL NUMBER
control field 5790
003 - CONTROL NUMBER IDENTIFIER
control field FISKH
005 - DATE AND TIME OF LATEST TRANSACTION
control field 20250122150734.0
008 - FIXED-LENGTH DATA ELEMENTS--GENERAL INFORMATION
fixed length control field 250122b cb ||||| |||| 00| 0 eng d
020 ## - INTERNATIONAL STANDARD BOOK NUMBER
International Standard Book Number 9780545478243
040 ## - CATALOGING SOURCE
Original cataloging agency FISKH
Language of cataloging eng
Transcribing agency FISKH
Modifying agency FISKH
050 ## - LIBRARY OF CONGRESS CALL NUMBER
Classification number Q173.D693
082 ## - DEWEY DECIMAL CLASSIFICATION NUMBER
Classification number 001.94
100 ## - MAIN ENTRY--PERSONAL NAME
Personal name Doyle,Oliver
245 ## - TITLE STATEMENT
Title Strange mysteries of the unexplained /
Statement of responsibility, etc. by Oliver Doyle
250 ## - EDITION STATEMENT
Edition statement First Scholastic edition, July 2012
260 ## - PUBLICATION, DISTRIBUTION, ETC.
Place of publication, distribution, etc. New York :
Name of publisher, distributor, etc. Scholastic ,
Date of publication, distribution, etc. 2012.
300 ## - PHYSICAL DESCRIPTION
Extent 96 pages :
Other physical details color illustrations, maps ;
Dimensions 23 cm .
505 ## - FORMATTED CONTENTS NOTE
Formatted contents note Z <br/>
520 ## - SUMMARY, ETC.
Summary, etc. Explores unverified phenomena such as Atlantis, giant squids, Bigfoot, crop circles, and alien encounters.
521 8# - TARGET AUDIENCE NOTE
Target audience note 1030 <br/>
Source Lexile <br/>
521 8# - TARGET AUDIENCE NOTE
Target audience note Z <br/>
Source Raz-Plus <br/>
650 ## - SUBJECT ADDED ENTRY--TOPICAL TERM
Topical term or geographic name entry element paranormal
Form subdivision non-fiction
700 ## - ADDED ENTRY--PERSONAL NAME
Personal name Overy, Kate
Relator term editor
942 ## - ADDED ENTRY ELEMENTS (KOHA)
Source of classification or shelving scheme Dewey Decimal Classification
Koha item type Books
Suppress in OPAC No
Holdings
Withdrawn status Lost status Source of classification or shelving scheme Damaged status Not for loan Collection Home library Current library Shelving location Date acquired Total Checkouts Full call number Barcode Date last seen Price effective from Koha item type
    Dewey Decimal Classification     Non-Fiction Footprints International School Library Network Toul Kork Campus Footprints International School Library Network Toul Kork Campus TTP Secondary Non-Fiction Bookshelves 01/22/2025   DOY 001.94 Q173.D693 FISSE02267 01/22/2025 01/22/2025 Books